| 000 | 00945nam a22003137a 4500 | ||
|---|---|---|---|
| 001 | BR7806381 | ||
| 003 | BR-BrBNA | ||
| 005 | 20230928085738.0 | ||
| 007 | ta | ||
| 008 | 230509b bl.||||| |||| 00| 0 por d | ||
| 040 |
_aBR-BrBNA _bpor _cBiblioteca Nacional de Agricultura |
||
| 041 | _a(Por) | ||
| 072 |
_aE10 _b/G514 |
||
| 090 | _ E10 BR7806381 | ||
| 100 | 1 | _aLima, R. de A. | |
| 100 | 1 | _aAraujo, A.E.T. de | |
| 100 | 1 | _aAparecida, P.M. | |
| 100 | 1 | _aRezende Junior, G.V. de | |
| 100 | 1 | _aPaiva, J.C. de | |
| 110 | 1 |
_aSecretaria Nacional de Planejamento Agricola, Brasilia, DF (Brasil); _99209 |
|
| 110 | 1 |
_aBanco Nacional de Credito Cooperativo, Brasilia, DF (Brasil) _91200 |
|
| 245 | 1 | _aBibliografia sobre o setor agroindustrial brasileiro | |
| 260 | 3 |
_aBrasilia, DF (Brasil): _c1978. |
|
| 300 | _a40 p. | ||
| 650 | _aINDUSTRIA AGRICOLA | ||
| 650 | _aBIBLIOGRAFIA | ||
| 909 |
_a202309 _bLucia _c55 _dLucia Elande |
||
| 942 | _cBK | ||
| 999 |
_c26105 _d26105 |
||